Warisan persuratan Johor

Bibliographic Details
Corporate Author: Yayasan Warisan Johor
Other Authors: Hamzah Hamdani, Othman Puteh, Saleh Daud, Zainal Abidin Borhan
Format: Book
Published: Johor : Yayasan Warisan Johor , 1997
Subjects:

MARC

LEADER 00000cam a2200000 7i4500
001 0000020225
005 20080701.0
008 080624
020 |a 9839932802 
090 0 0 |a 899.2309595119   |b WAR 
245 1 0 |a Warisan persuratan Johor   |c editor by Zainal Abidin Borhan ...[et al.] 
260 |a Johor :   |b Yayasan Warisan Johor ,   |c 1997 
650 0 |a Malay literature   |x congresses   |z Johor 
650 0 |a Writing   |x congresses   |z Johor 
700 1 |a Hamzah Hamdani 
700 1 |a Othman Puteh 
700 1 |a Saleh Daud 
700 1 |a Zainal Abidin Borhan 
710 1 |a Yayasan Warisan Johor 
999 |a 0000952270   |b Book   |c Adult Collection   |e Cawangan Segamat 
999 |a 0000952271   |b Book   |c Adult Collection   |e Cawangan Tangkak 
999 |a 0001026965   |b Book   |c REFERENCE   |e Perbadanan Perpustakaan Awam Johor 
999 |a 0001028365   |b Book   |c Adult Collection   |e Perbadanan Perpustakaan Awam Johor